Les prénoms qui ont un sens T - Statistiques

Statistiques générales
  • Ce quiz a été pris 75 fois
  • Le résultat moyen est 6 sur 20
Statistiques - réponses
Sens Sexe Prénom Célébrité ou personnage % Correct
Jumeau M Thomas Pesquet
92%
Chef du peuple M Thierry Lhermitte
88%
Dieu M Théo Van Gogh
83%
Qui aime Dieu M Théophile Gautier
65%
Don de Dieu M Théodore Géricault
60%
De Tarnre F Thérèse d'Avila
49%
Fée F Tatiana de Rosnay
43%
Peuple audacieux M Thibault de Montalembert
43%
Honorer Dieu M Timothée Rey
32%
Révolte M Tristan Bernard
32%
Apparition divine F Tiphaine Haas
15%
Explique Dieu M Théophraste Renaudot
11%
Gardien du foyer M Tanguy de Lamotte
5%
Jour de naissance F Thalie -
5%
Etoile du matin M Tarik Sektioui
3%
Dieu est bon M Tobias Maguire
3%
Peuple illustre M Thibert -
2%
De bon conseil M Tancrède -
0%
Don de Dieu F Théodosie de Constantinople
0%
Harmonie M Toufik Ali
0%
Aucun quiz correspondant
Distribution des résultats
% des personnes avec chaque résultat
Percentile par nombre de réponses
Votre historique - résultats
Vous n’avez pas pris ce quiz